千葉県の市町村(1968年) - Statistics

General Stats
  • This quiz has been taken 33 times
  • The average score is 48 of 92
Answer Stats
コード 市町村 備考 % Correct
12201 千葉市 1992年政令指定
100%
12203 市川市
95%
12204 船橋市
95%
12207 松戸市
95%
12212 佐倉市
95%
12217 柏市
95%
12220 流山市
95%
12202 銚子市
91%
12208 野田市
91%
12211 成田市
91%
12219 市原市
91%
12205 館山市
86%
12216 習志野市
86%
12213 東金市
82%
12206 木更津市
77%
12209 佐原市 2006年消滅
73%
12210 茂原市
73%
12215 旭市
73%
12218 勝浦市
73%
12221 八千代市
68%
12214 八日市場市 2006年消滅
64%
12325 印旛郡印旛村 2010年消滅
64%
12423 長生郡長生村
64%
12441 夷隅郡大多喜町
64%
12302 東葛飾郡鎌ケ谷町 1971年昇格
59%
12329 印旛郡栄町
59%
12342 香取郡神崎町
59%
12347 香取郡多古町
59%
12404 山武郡成東町 2006年消滅
59%
12421 長生郡一宮町
59%
12424 長生郡白子町
59%
12426 長生郡長柄町
59%
12443 夷隅郡御宿町
59%
12444 夷隅郡大原町 2005年消滅
59%
12301 東葛飾郡浦安町 1981年昇格
55%
12304 東葛飾郡我孫子町 1970年昇格
55%
12305 東葛飾郡沼南町 2005年消滅
55%
12322 印旛郡酒々井町
55%
12326 印旛郡白井町 2001年昇格
55%
12327 印旛郡印西町 1996年昇格
55%
12349 香取郡東庄町
55%
12403 山武郡九十九里町
55%
12405 山武郡山武町 2006年消滅
55%
12408 山武郡横芝町 2006年消滅
55%
12409 山武郡芝山町
55%
12427 長生郡長南町
55%
12471 安房郡鴨川町 1971年消滅
55%
12303 東葛飾郡関宿町 2003年消滅
50%
12402 山武郡大網白里町 2013年昇格
50%
12321 印旛郡四街道町 1981年昇格
45%
12323 印旛郡八街町 1992年昇格
45%
12328 印旛郡本埜村 2010年消滅
45%
12361 海上郡海上町 2005年消滅
45%
12442 夷隅郡夷隅町 2005年消滅
45%
12463 安房郡鋸南町
45%
12468 安房郡和田町 2006年消滅
45%
12324 印旛郡富里村 1985年昇格
41%
12344 香取郡小見川町 2006年消滅
41%
12422 長生郡睦沢村 1983年昇格
41%
12445 夷隅郡岬町 2005年消滅
41%
12466 安房郡千倉町 2006年消滅
41%
12341 香取郡下総町 2006年消滅
36%
12345 香取郡山田町 2006年消滅
36%
12362 海上郡飯岡町 2005年消滅
36%
12381 匝瑳郡光町 2006年消滅
36%
12406 山武郡蓮沼村 2006年消滅
36%
12407 山武郡松尾町 2006年消滅
36%
12461 安房郡富浦町 2006年消滅
36%
12465 安房郡白浜町 2006年消滅
36%
12472 安房郡天津小湊町 2005年消滅
36%
12481 君津郡袖ケ浦町 1991年昇格
36%
12486 君津郡君津町 1971年市制
36%
12489 君津郡富津町 1971年昇格
36%
12343 香取郡大栄町 2006年消滅
32%
12346 香取郡栗源町 2006年消滅
32%
12348 香取郡干潟町 2005年消滅
32%
12382 匝瑳郡野栄町 2006年消滅
32%
12464 安房郡三芳村 2006年消滅
32%
12491 君津郡天羽町 1971年消滅
32%
12462 安房郡富山町 2006年消滅
27%
12467 安房郡丸山町 2006年消滅
27%
12485 君津郡上総町 1970年消滅
27%
12401 山武郡土気町 1969年消滅
23%
12469 安房郡江見町 1971年消滅
23%
12470 安房郡長狭町 1971年消滅
23%
12484 君津郡小櫃村 1970年消滅
23%
12425 長生郡本納町 1972年消滅
18%
12482 君津郡平川町 1971年消滅
18%
12487 君津郡小糸町 1970年消滅
18%
12490 君津郡大佐和町 1971年消滅
18%
12483 君津郡富来田町 1971年消滅
14%
12488 君津郡清和村 1970年消滅
14%
No matching quizzes found
Score Distribution
Percent of People with Each Score
Percentile by Number Answered
Your Score History
You have not taken this quiz